Troubled sleep

Sparad:
Bibliografiska uppgifter
Huvudupphovsman: Sartre, Jean Paul
Materialtyp: Bok
Språk:Undetermined
Publicerad: New York, Estados Unidos Bantam Modern Classic 1968
Ämnen:
Taggar: Lägg till en tagg
Inga taggar, Lägg till första taggen!

MARC

LEADER 00000nam a2200000Ia 4500
008 170316s9999 xx 000 0 und d
040 |a cru BVZT 
090 |a 840 S-10tr 
100 |a Sartre, Jean Paul 
245 |a Troubled sleep 
260 |a New York, Estados Unidos 
260 |b Bantam Modern Classic 
260 |c 1968 
300 |a 330 páginas 
650 |a LITERATURA FRANCESA 
999 |c 7976  |d 7976 
942 |c 15 D  |h 840 S-10tr  |2 z